000 01024cab a2200397 4500
001 ABS59155
008 090401t1998 xxu||||| |||| 00| 0 eng d
035 _a(Sirsi) u88394
041 _aeng
245 _aFocus `98: UK and Channel Islands
260 _c1998
350 _a0
490 _aEstates Gazette
_v(9835) 29 August 1998, 39-55(13)
650 _aAGRICULTURAL INDUSTRY
650 _aBUSINESS PARKS
650 _aECONOMIC DEVELOPMENT
650 _aFINANCIAL SECTOR
650 _aFISHING INDUSTRY
650 _aFOOD SUPERSTORES
650 _aGUERNSEY
650 _aHEBRIDES
650 _aISLE OF MAN
650 _aISLE OF WIGHT
650 _aJERSEY
650 _aLEISURE SECTOR
650 _aOFFICE SECTOR
650 _aOFFSHORE INVESTMENT
650 _aORKNEY
650 _aRESIDENTIAL
650 _aRETAIL SECTOR
650 _aSHETLAND
650 _aTOURIST INDUSTRY
690 _aPROPERTY-COMMERCIAL PROPERTY-COMMERCIAL PROPERTY MARKET
942 _n0
948 _c09/09/1998
999 _c55832
_d55832